LIBRARY & INFORMATION CENTRE, KCAET, TAVANUR

ONLINE PUBLIC ACCESS CATALOGUE (OPAC)

Sustainable development of fisheries and livestock for food security (Record no. 14010)

MARC details
000 -LEADER
fixed length control field 00356nam a22001337a 4500
020 ## - INTERNATIONAL STANDARD BOOK NUMBER
ISBN 9789380428611
082 ## - DEWEY DECIMAL CLASSIFICATION NUMBER
Classification number 639
Item number KHI/SU
245 ## - TITLE STATEMENT
Title Sustainable development of fisheries and livestock for food security
260 ## - PUBLICATION, DISTRIBUTION, ETC. (IMPRINT)
Place of publication Delhi
Name of publisher Narendra Publishing House
Year of publication 2012
700 ## - ADDED ENTRY--PERSONAL NAME
Personal name Khillare, Y.K
700 ## - ADDED ENTRY--PERSONAL NAME
Personal name Dash, M.C
700 ## - ADDED ENTRY--PERSONAL NAME
Personal name Pandey, B.N
942 ## - ADDED ENTRY ELEMENTS (KOHA)
Koha item type Books
Holdings
Withdrawn status Lost status Damaged status Collection code Home library Current library Shelving location Date acquired Source of acquisition Cost, normal purchase price Full call number Accession Number Koha item type
      Non-fiction KAUAET KAUAET General Stacks 30/03/2013 A & A , Tvpm 2195.00 639 KHI/SU 23832 Books
free website counter